MARC
| LEADER | 00000nam a2200000Ia 4500 | ||
|---|---|---|---|
| 008 | 170316s9999 xx 000 0 und d | ||
| 040 | |a cru BVZT | ||
| 090 | |a 860 Q-2.1c | ||
| 100 | |a Quintana, Marisela | ||
| 245 | |a 5 cuentos sin consuelo... y uno por encargo | ||
| 260 | |a Managua, Nicaragua | ||
| 260 | |b Printart | ||
| 260 | |c 1994 | ||
| 300 | |a 41 páginas | ||
| 650 | |a LITERATURA LATINOAMERICANA | ||
| 999 | |c 9118 |d 9118 | ||
| 942 | |c 15 D |h 860 Q-2.1c |2 z | ||
